00337nam a2200109Ia 4500008004100000082000800041100002500049245003300074942000600107952009900113999001500212240331s9999 xx 000 0 und d bPER aTamil University. ed 0aPerunchol Aharathi :bPart 1 cL 001040708LaWERCLbWERCLcSSCd2024-03-31l0o 030.491 PERp1609r2024-03-31w2024-03-31yL c3267d3267